General Orthopaedics (Record no. 31510)

MARC details
000 -LEADER
fixed length control field 00758nam a2200205 a 4500
008 - FIXED-LENGTH DATA ELEMENTS--GENERAL INFORMATION
fixed length control field 110914s1997 ||||||||||||||||| || u
020 ## - INTERNATIONAL STANDARD BOOK NUMBER
International Standard Book Number 007070757X
050 ## - LIBRARY OF CONGRESS CALL NUMBER
Classification number RD 731 Gen
100 ## - MAIN ENTRY--PERSONAL NAME
Personal name Wilson, Frank C
245 10 - TITLE STATEMENT
Title General Orthopaedics
Statement of responsibility, etc. [edited by] Frank C. Wilson & Patrick P. Lin
260 ## - PUBLICATION, DISTRIBUTION, ETC.
Place of publication, distribution, etc. St.Louis:
Name of publisher, distributor, etc. McGraw-Hill
Date of publication, distribution, etc. 1997
300 ## - PHYSICAL DESCRIPTION
Extent xii, 558p.: ill.
350 ## -
-- 0.00
650 ## - SUBJECT ADDED ENTRY--TOPICAL TERM
Topical term or geographic name entry element MUSCULOSKELETAL SYSTEM--DISEASES
650 ## - SUBJECT ADDED ENTRY--TOPICAL TERM
Topical term or geographic name entry element ORTHOPAEDICS
650 ## - SUBJECT ADDED ENTRY--TOPICAL TERM
Topical term or geographic name entry element MUSCULOSKELETAL DISEASES
650 ## - SUBJECT ADDED ENTRY--TOPICAL TERM
Topical term or geographic name entry element ORTHOPAEDICS--METHODS
700 ## - ADDED ENTRY--PERSONAL NAME
Personal name Lin, Patrick P
995 ## -
-- MEDICAL LIBRARY OPEN ACCESS
-- 0.00
-- 900924
-- CBU-SCHOOL OF MEDICINE LIBRARY (Ndola)
-- 1
-- 0.00
-- RD 731 GEN
-- 1
-- AVAILABLE
-- Oct 3, 2011
-- 900924
-- Medical Library Open Access Collection
999 ## -
-- 31510
-- 31510
Holdings
Withdrawn status Lost status Source of classification or shelving scheme Damaged status Not for loan Permanent Location Current Location Shelving location Date acquired Total Checkouts Full call number Barcode Date last seen Price effective from Koha item type
          CBU-SCHOOL OF MEDICINE LIBRARY, NDOLA. CBU-SCHOOL OF MEDICINE LIBRARY, NDOLA.   11/30/2022   RD 731 Gen 900924 11/30/2022 11/30/2022 MONOGRAPH